01191nam a2200229 a 450000100060000000300080000600500170001400800410003102000150007203500190008704000230010604100080012908200260013724501060016326000460026930000300031550504650034560000370081065000390084770000480088670000270093443432BD-RjUL20211209053710.0160921r19691952enkacfh b 001 0 eng  a0710062745 a(BD-RjUL)43550 aDLCcDLCdDLCbeng aeng00a372.942223bFRI 196910aFriedrich Froebel and English education / cP. Woodham-Smith ... [et al.] ; edited by Evelyn Lawrence aLondon : bRoutledge & KEGAN Paul,c1969  a248 p. : bill. ;c23 cm.0 aIntroduction, by E. Lawrence.--The origin of the kindergarten, by P. Woodham-Smith.--History of the Froebel movement in England, by P. Woodham-Smith.--Froebel and the English primary school of today, by J. P. Slight.--The influence of Froebel on the independent preparatory schools of today, by O. B. Priestman.--The religious roots of Froebel's philosophy, by H. A. Hamilton.--Froebel's educational philosophy in 1952, by N. Isaacs.--Bibliography (p. 234-237)10aFröbel, Friedrich,d1782-1852. 0aEducationzGreat BritainxHistory. aWoodham-Smith, P. ... [et al.], jt. auth. aLawrence, Evelyn, ed.